| 000 | 00826nam a22002537a 4500 | ||
|---|---|---|---|
| 005 | 20140723112026.0 | ||
| 010 | _aENG-107240 | ||
| 020 |
_a9781259064203 _c375.00 |
||
| 020 |
_a1259064204 _c375.00 |
||
| 020 | _c395.00 | ||
| 035 | _aEN-90773 | ||
| 037 | _bDBAD/PUB | ||
| 037 |
_bKBD/Ven _adpl |
||
| 082 | _a515.33 | ||
| 100 | _aVinay Kumar | ||
| 245 |
_aDifferential calculus for JEE (Main & advanced) / _cby Vinay Kumar |
||
| 250 | _a2nd ed | ||
| 260 |
_aNew Delhi _bTata McGraw Hill _c2013 |
||
| 270 |
_aP-24, Green Park Extension _bNew Delhi _e110016 |
||
| 300 |
_a various pagings : _bill. _c24cm(pbk) |
||
| 490 | _aMcGraw Hill education winning edge series | ||
| 942 |
_2ddc _cEN _h515.33 _mVIN |
||
| 999 |
_c75889 _d75889 |
||